000 004690000a22001810004500
020 _a0-8010-8159-9
041 0 _aENG
082 0 4 _aG 266.0092 S4393d
100 1 _aSearle., Walter
245 1 0 _aDavid Brainerd's personal testimony / Walter Searle
260 _aGrand Rapids, MI., USA : Baker
300 _a117 Pag
001 7487
942 _cBK
999 _c37700
_d37700
336 _atexto
_btxt
_2rdacontent
337 _2rdamedia
_asin mediación
_bn
338 _2rdacarrier
_avolumen
_bnc